Tribhuvan University Central Library

Study skills in english (Record no. 112472)

MARC details
000 -LEADER
fixed length control field 00454nam a22001697a 4500
008 - FIXED-LENGTH DATA ELEMENTS--GENERAL INFORMATION
fixed length control field 240314b |||||||| |||| 00| 0 eng d
020 ## - INTERNATIONAL STANDARD BOOK NUMBER
International Standard Book Number 978815960473
041 ## - LANGUAGE CODE
Language code of text/sound track or separate title Eng.
082 ## - DEWEY DECIMAL CLASSIFICATION NUMBER
Classification number 371.3/W155s
100 ## - MAIN ENTRY--PERSONAL NAME
Personal name Wallace, Michael J.
245 ## - TITLE STATEMENT
Title Study skills in english
Statement of responsibility, etc. /Wallace, Michael J.
250 ## - EDITION STATEMENT
Edition statement 2nd ed.
260 ## - PUBLICATION, DISTRIBUTION, ETC.
Place of publication, distribution, etc. Cambridge:
Name of publisher, distributor, etc. Cambridge University press,
Date of publication, distribution, etc. 1999
300 ## - PHYSICAL DESCRIPTION
Extent 218p.:ill.
650 ## - SUBJECT ADDED ENTRY--TOPICAL TERM
Topical term or geographic name entry element Study skills
942 ## - ADDED ENTRY ELEMENTS (KOHA)
Source of classification or shelving scheme Dewey Decimal Classification
Koha item type General Collections
Holdings
Withdrawn status Lost status Source of classification or shelving scheme Damaged status Not for loan Home library Current library Shelving location Date acquired Total Checkouts Full call number Barcode Date last seen Price effective from Koha item type
    Dewey Decimal Classification     Tribhuvan University Central Library Tribhuvan University Central Library New Building 03/14/2024   371.3/W155s G93066 03/14/2024 03/14/2024 General Collections